Countries With The Most Time Zones - Statistics

General Stats
  • This quiz has been taken 27 times
    22 since last reset
  • The average score is 10 of 14
Answer Stats
# of Zones Country % Correct
9 Australia
94%
11 Russia
94%
11 United States of America
94%
4 Brazil
89%
6 Canada
89%
9 United Kingdom
83%
12 France
78%
4 Mexico
78%
3 Indonesia
72%
5 New Zealand
67%
5 Denmark
56%
9 Antarctica
39%
3 Chile
39%
3 Kiribati
39%
No matching quizzes found
Score Distribution
Percent of People with Each Score
Percentile by Number Answered
Your Score History
You have not taken this quiz since the last reset